Quantitative Analysis for Management / (Record no. 322)

000 -LEADER
fixed length control field 00605nam a2200193Ia 4500
008 - FIXED-LENGTH DATA ELEMENTS--GENERAL INFORMATION
fixed length control field 190805s9999||||xx |||||||||||||| ||und||
020 ## - INTERNATIONAL STANDARD BOOK NUMBER
International Standard Book Number 9789332568853
Terms of availability Rs. 689.00
082 04 - DEWEY DECIMAL CLASSIFICATION NUMBER
Classification number 658.403
Item number R2926
100 1# - MAIN ENTRY--PERSONAL NAME
Personal name Render, Barry
245 10 - TITLE STATEMENT
Title Quantitative Analysis for Management /
250 ## - EDITION STATEMENT
Edition statement 12th ed.
260 ## - PUBLICATION, DISTRIBUTION, ETC. (IMPRINT)
Place of publication, distribution, etc Noida :
Name of publisher, distributor, etc Pearson India Education Ltd.,
Date of publication, distribution, etc 2016, reprinted 2018
300 ## - PHYSICAL DESCRIPTION
Extent xviii, 621 p.
Other physical details : ill.
Dimensions ; 28 cm.
650 #0 - SUBJECT ADDED ENTRY--TOPICAL TERM
Topical term or geographic name as entry element Management science
Form subdivision Textbooks
700 1# - ADDED ENTRY--PERSONAL NAME
Personal name Hanna, Michael E.
700 1# - ADDED ENTRY--PERSONAL NAME
Personal name Stair, Ralph M.
852 ## - LOCATION/CALL NUMBER
Location
942 ## - ADDED ENTRY ELEMENTS (KOHA)
Item type Books
Holdings
Withdrawn status Lost status Damaged status Not for loan Collection code Permanent location Current location Shelving location Date acquired Source of acquisition Cost, normal purchase price Total Checkouts Full call number Barcode Date last seen Date last borrowed Koha item type Public note
        Management Studies IMU Kochi Library IMU Kochi Library General Stacks 2018-01-09 Educational Supplies 689.00 3 658.403 R2926 BK004971 2024-11-25 2024-11-14 Books Gen. Shelf-27, Row-5
        Management Studies IMU Kochi Library IMU Kochi Library General Stacks 2018-01-09 Educational Supplies 689.00 1 658.403 R2926 BK004972 2019-12-05 2019-12-05 Books Gen. Shelf-27, Row-5
        Management Studies IMU Kochi Library IMU Kochi Library General Stacks 2018-01-09 Educational Supplies 689.00   658.403 R2926 BK004973 2019-08-05   Books Gen. Shelf-27, Row-5
        Management Studies IMU Kochi Library IMU Kochi Library General Stacks 2018-01-09 Educational Supplies 689.00   658.403 R2926 BK004970 2019-08-05   Books Gen. Shelf-27, Row-5


Copyright © All Rights Reserved by Indian Maritime University, Kochi Campus.
For any Suggestions/Query Contact to library or Email: library.kochi@imu.ac.in Ph:(0484)-2989402
(Web OPAC Designed by Rudra Ranjan. Maintained by IMU Kochi Library)

Powered by Koha